1852 1189 1730 1795 1858 1180 1502 1889 1891 1873 1842 1876 1250 1337 1039 1205 1997 1746 1313 1069 1786 1234 1924 1058 1393 1629 1623 1637 1706 1216 1215 1636 1816 1939 1922 1300 1257 1996 1657 1996 1987 1285 1128 1483 1897 1579 1120 1323 1597 1065 1270 1225 1900 1709 1275 1606 1328 1871 1814 1290 1052 1822 1085 1109 1407 1200 1541 1204 1647 1997 1618 1182 1494 1403 1406 1017 1564 1632 1983 1331 1918 1066 1957 1899 1184 1524 1498 1749 1760 1299 1846 1625 1154 1058 2000 1527 1920 1375 1864 BCNSPRNW ULIB Ver.6.0+V

เปลี่ยนเป็นภาษาไทย

Change to English
 แสดงรายละเอียดบรรณานุกรม
  กลับหน้าหลัก

Brief Record : Get Marc (ISO 2709) : E-mail record : QR code < ปิดหน้าต่าง
LEADER : 00000nam 2200000uu 4500
001    13399112142
003     ULIB
008    110714s2552||||th 000 0 tha d
020    9786117138065
090    นว.^bอ655ส 2552
100 0  อาริตา
245 00 สุภาพบุรุษเถื่อน/^cอาริตา
250    พิมพ์ครั้งที่ 1
260    กรุงเทพฯ :^bลีลา,^c2552
300    316 หน้า
710 1  ลีลา
945    ^p220^l0^i026038
995    ทศพร
999     ^aใช้งานได้ทุกระบบ
รายการนี้ยังไม่มีแท็ก
คุณยังไม่ได้ล็อกอิน คุณสามารถมีกิจกรรมร่วมกับเว็บไซต์ได้ แต่ต้องล็อกอินก่อน ::
  ล็อกอิน

รายการสื่อสารสนเทศ

ลำดับที่ ประเภท เลขเรียก/บาร์โค้ด สถานที่ สถานะ
- ไม่พบข้อมูล -

รายการใกล้เคียง
    ผู้แต่ง [อาริตา]

BibComment


ยังไม่เคยถูกคอมเมนท์

คอมเมนท์ทรัพยากรรายการนี้
  คอมเมนท์: สุภาพบุรุษเถื่อน ..


 Copyright 2026. Bcnsprnw @Library